| 000 | 00991nam a22002897a 4500 | ||
|---|---|---|---|
| 001 | BR7804899 | ||
| 003 | BR-BrBNA | ||
| 005 | 20230928085704.0 | ||
| 007 | ta | ||
| 008 | 230509b bl.||||| |||| 00| 0 por d | ||
| 040 |
_aBR-BrBNA _bpor _cBiblioteca Nacional de Agricultura |
||
| 041 | _a(Por) | ||
| 072 |
_aF00; E70 _b0700 _b/G514 |
||
| 090 | _ 0700 BR7804899 | ||
| 110 | 1 |
_aSociedade Brasileira de Fruticultura, Cruz das Almas, BA _99730 |
|
| 111 | 1 |
_a1. Encontro Nacional de Fruticultura de Clima Temperado _cFlorianopolis, SC (Brazil) _d6 Mar 1978 |
|
| 245 | 1 | _aAnais do 1. Encontro Nacional de Fruticultura de Clima Temperado [Brasil] | |
| 260 | 3 |
_aFlorianopolis, SC (Brasil): _bAssociacao de Credito e Assistencia Rural do Estado de Santa Catarina, _c1978. |
|
| 300 | _a348 p. | ||
| 650 | _aProducao vegetal | ||
| 650 | _aComercializacao | ||
| 650 | _aFruta tropical | ||
| 650 | _aConsumo | ||
| 650 | _aFruticultura | ||
| 909 |
_a202309 _bLucia _c55 _dLucia Elande |
||
| 942 | _cBK | ||
| 999 |
_c25785 _d25785 |
||